|
|
|
|
| LEADER |
01118nam a22003012a 4500 |
| 001 |
000094520 |
| 003 |
CZ BrMZK |
| 005 |
20110624111838.0 |
| 007 |
ta |
| 008 |
950101s1982 xr f cze d |
| 020 |
|
|
|q (Brož.)
|
| 040 |
|
|
|a ABA001
|b cze
|d ABA001
|d BOA001
|
| 080 |
9 |
|
|a 712.25
|
| 080 |
9 |
|
|a 635.058-1/-2
|
| 100 |
1 |
|
|a Ondřej, Jan,
|d 1936-1998
|7 jn20010309623
|4 aut
|
| 245 |
1 |
0 |
|a Trávníky v obytném prostředí /
|c Jan Ondřej ; pérovky Olga Housková
|
| 260 |
|
|
|a Praha :
|b MON,
|c 1982
|
| 300 |
|
|
|a 146 s. :
|b obr., fot., tb. ;
|c 29 cm
|
| 490 |
1 |
|
|a Aktuality Výzkumného a šlechtitelského ústavu okrasného zahradnictví v Průhonicích. Sadovnictví, krajinářství ;
|v sv. 4
|
| 500 |
|
|
|a Pozn. k tabulkám
|
| 500 |
|
|
|a Přehl. lit
|
| 700 |
1 |
|
|a Housková, Olga
|4 ill
|
| 810 |
2 |
|
|a Výzkumný a šlechtitelský ústav okrasného zahradnictví v Průhonicích.
|t Aktuality.
|p Sadovnictví a krajinářství
|0 s
|
| 910 |
|
|
|a BOA001
|b 4-0860.119
|
| 990 |
|
|
|a BK
|
| 995 |
|
|
|a 01
|
| 991 |
|
|
|b 200611
|
| 996 |
6 |
|
|b 2619983435
|c 4-0860.119
|l MZK
|r Sklad / do 1 hodiny
|n 8
|w 000094520
|u 000010
|a 1
|e BOA001
|j MZK50
|s P
|